Quizzes
Events
Quiz Creation
Community
Videos
Private Events
Remove Ads
Sign In
Join for FREE
Feedback
Dark Mode
Quiz Categories
Sports
Geography
Music
Movies
Television
Just For Fun
Miscellaneous
History
Literature
Language
Science
Gaming
Entertainment
Religion
Holiday
For Kids
Quiz Lab
Recent
Popular Today
Quiz Kudos Today
Editor Picks
Curator Picks
Quizzes by...
Day
Popularity
Type
Ratings
Length
Year
Community
Subscriptions
Recent Discussions
Orange Saloon
Badges
Playlists
Quests
Create
Leaderboards
Showdown
Live 5
Trivia Bingo
Activity
Puzzle Library
Sporcle Events
Private Events
Virtual Trivia
Globe League
Become a Host
Pub Owners
SporcleCon
Opinionation
Our Games
Videos
Blog
Mobile Apps
Partnerships
Remove Ads and Go Orange
Feedback
Music
Pop Music
The Beatles
Song
Album
Lyrics
Bands
Singers
Artist
Clip
Rock
Rap
Classical
Billboard
Country Music
Kpop
Taylor Swift
Music
Pop Music
The Beatles
Song
Album
Lyrics
Bands
Singers
Artist
Clip
Rock
Rap
Classical
Billboard
Country Music
Kpop
Taylor Swift
Random Quiz
Search Sporcle
×
Quiz Lab
Quiz Lab
Music
United States
Select answers by clicking on text or image buttons
Select answers by clicking on text or image buttons
Clickable
Best Score? Go Orange.
Cleveland Area Musical Groups/Musicians Stats
Can you pick the Cleveland Area Musical Groups?
By
tallonator
8m
24 Questions
43 Plays
43 Plays
43 Plays
Comments
Comments
Give Quiz Kudos
Give Quiz Kudos
-
- Ratings
hide this ad
Replay
Link that replays current quiz
Next Quiz
Link to next quiz in quiz playlist
You Got
0%
They Got
Avg Score
68%
Avg Friend Score
Upgrade to see
Score Distribution
Jump to the score distribution portion of the page
Score
0/24
Timer
08:00
0
Plays Today
% Correct
The Raspberries
81.4%
Chrisse Hynde
81.4%
Marilyn Manson
81.4%
Eric Carmen
79.1%
Devo
79.1%
Nine Inch Nails
79.1%
Machine Gun Kelly
79.1%
The Black Keys
76.7%
Eric Singer
76.7%
Mushroomhead
74.4%
The James Gang
72.1%
Bone Thugz N' Harmony
69.8%
% Correct
The Michael Stanley Band
69.8%
Tracy Chapman
69.8%
The Valentinos
67.4%
Screamin' Jay Hawkins
67.4%
Tim 'Ripper' Owens
65.1%
Henry Mancini
62.8%
The Outsiders
60.5%
The Choir
58.1%
Before Their Eyes
55.8%
Jim Brickman
51.2%
Switch
46.5%
Il Tru
37.2%
Quiz Playlist
Details
Report
Send in Message
Add To Playlist
Clickable:
Select answers by clicking on text or image buttons
Last Updated: Apr 10, 2017
Quiz Scoreboard
CHALLENGE
Sign Up to Join the Scoreboard
Show All
Scores
Hide
Comments
May contain spoilers
Recently Published
9x9 Crossword: Cartoon Network
by jackfrog10
Miscellaneous
3m
College Basketball Coaching Resumes
by pancakes188
Sports
9m
Billboard Blitz: Fleetwood Mac
by CooCooCachoo
Music
15s
More to Explore
Quiz From the Vault
Featured Blog Post
Where Did the Easter Bunny Come From?
hide this ad
You Might Also Like...
Tags
United States Quiz
Born
Cleveland
Dead Musicians
Famous Names
Musician
ohio
Rock and Roll Hall of Fame
Rock Band
Rock Musicians
Today's Top Quizzes in Music
Browse Music
hide this ad
Today's Top Quizzes in United States
Browse United States
Top Contributed Quizzes in Music
1
Taylor Swift All Songs (2024)
2
Guess the Artist- 70s Songs
3
7-to-1: Billboard Hot 100 #1 Hits of 2010s
4
Sorting Albums and Songs
5
Taylor Swift Logic Puzzle
6
KPOP LOGIC QUIZ
7
Guess the Taylor Swift song (Mystery Song)
8
One Thing in Common: Music
9
2010s Album by Cover III
10
Guess The Taylor Swift Lyrics Song #1
Explore More
Trending Topics
Marvel
NBA
Kpop
Anime
Crossword
Harry Potter
Disney
Song
Puzzle
Pokémon
NFL
Soccer
The Office
Country
WWE
hide this ad
More By:
tallonator
Quiz
Plays
Rating
Category
Featured
Created
20 Largest 'S' US Metro Areas
71,997
4.31
Geography
Jan 1, 2013
Cars Available in 1920
22,339
4.55
History
Mar 31, 2015
World's Fairs
19,733
4.33
History
Nov 1, 2011
Star Wars Line Assignments
16,011
4.51
Movies
Sep 10, 2017
Steven Spielberg Best Director Golden Globe Wins & Noms
4,607
4.43
Movies
Sep 2, 2017
Go to Creator's Profile
Score Distribution
Quiz Creator Spotlight
tallonator
Follow
Send a Message
Quizzes Created
-
Created Quiz Play Count
-
More By This Creator
Popular Quizzes Today
1
Find the US States - No Outlines Minefield
2
Find the Countries of Europe - No Outlines Minefield
3
The Countries of the World
4
Find the US States
5
Risky Map Clicking: Biggest States A-Z
6
US States
7
Popular People in 1961
8
Movies - When Are They Set?
More Music Quizzes
Back To You : Selena Gomez Lyrics
Quiz Lab
Trending Quizzes
Risky Map Clicking: Least Populous States A-Z
1-10 Letter G Words
1-10 Letter F Words
Risky Map Clicking: Next State Alphabetically
Adjectives in 80s TV Shows
Recently Updated
Leaping Animals
pecheneg
Reality TV Shows (A-Z)
bhenderson79
Rickey Henderson's Hall of Fame Teammates
pecheneg
Champions League XIs: Arsenal
pecheneg
Quick Pick: Celebrities in WWE's Hall of Fame
aduchscher
A-Z Keypad Blitz II
pecheneg
Multiple Oscar Actors
pecheneg
Mystery Phrase Blitz: Oscar 'Best Actors'
pecheneg
F. Scott Fitzgerald Novels
LTH
Pick 3 Villains
ddd62291
Trending Topics
Harry Potter
Kpop
Marvel
Disney
NBA
Crossword
Anime
Song
Puzzle
Soccer
Country
The Office
WWE
NFL
Pokémon
Your Account Isn't Verified!
In order to create a playlist on Sporcle, you need to verify the email address you used during registration. Go to your
Sporcle Settings
to finish the process.
Report this User
Report this user for behavior that violates our
Community Guidelines
.
Details:
Send Report
Go to the Sporcle.com Mobile Site →
Comments